000 00498nam a22001937a 4500
005 20251108175549.0
008 250721s9999 xx 000 0 eng d
082 1 4 _aJ/F/BAR
100 1 _abarnett, stephen
245 1 0 _arewards for hard work /
264 _bb.jain publishers,
300 _a32P
490 0 _aRead & Shine
650 1 7 _aFiction
653 _aأطفال مرحلة متوسطة (6-9) سنوات
700 1 _aBrooks, Rosie
_eIllus.
942 _2ddc
_cBK
999 _c137073
_d137073